[Event "14th SRB-ch Women 2020"]
[Site "Vrnjacka Banja"]
[Date "2020.12.08"]
[Round "2.5"]
[White "Drljevic, Ljilja"]
[Black "Benderac, Ana"]
[Result "1-0"]
[WhiteElo "2174"]
[BlackElo "2202"]
[Annotator "NA"]
[PlyCount "76"]
[EventDate "2020.12.07"]
[EventType "tourn"]
[EventCountry "SRB"]
[SourceTitle "playchess.com"]
[Source "ChessBase"]
[SourceQuality "1"]
[TimeControl "40/5400+30:1800+30"]

1. e4 {[%emt 0:00:00]} Nc6 {[%emt 0:00:00]} 2. Nc3 {[%emt 0:01:04]} e5 {[%emt 0:00:12]} 3. g3 {[%emt 0:00:57]} Bc5 {[%emt 0:01:55]} 4. Bg2 {[%emt 0:00:04]} d6 {[%emt 0:00:24]} 5. d3 {[%emt 0:03:27]} f5 {[%emt 0:11:02]} 6. Nh3 {[%emt 0:11:45]} Nf6 {[%emt 0:04:22]} 7. Na4 {[%emt 0:08:55]} fxe4 {[%emt 0:18:39]} 8. dxe4 {[%emt 0:03:54]} O-O {[%emt 0:09:46]} 9. O-O {[%emt 0:14:16]} Bg4 {[%emt 0:03:17]} 10. Qd3 {[%emt 0:05:10]} Nd4 {[%emt 0:01:35]} 11. Qc4+ {[%emt 0:24:46]} Be6 {[%emt 0:03:50]} 12. Qd3 {[%emt 0:00:02]} b5 {[%emt 0:06:36]} 13. Nxc5 {[%emt 0:04:55]} Bc4 {[%emt 0:04:03]} 14. Qd1 {[%emt 0:06:36]} Bxf1 {[%emt 0:01:22]} 15. Bxf1 {[%emt 0:01:46]} dxc5 {[%emt 0:00:14]} 16. c3 {[%emt 0:00:45]} Ne6 {[%emt 0:03:33]} 17. Qb3 {[%emt 0:00:14]} Qd6 {[%emt 0:04:12]} 18. Qxb5 {[%emt 0:03:35]} Kh8 {[%emt 0:02:02]} 19. f3 {[%emt 0:02:47]} c6 {[%emt 0:03:43]} 20. Qe2 {[%emt 0:00:18]} Nd7 {[%emt 0:02:07]} 21. Be3 {[%emt 0:00:43]} Nb6 {[%emt 0:00:45]} 22. Rd1 {[%emt 0:00:39]} Qe7 {[%emt 0:00:15]} 23. f4 {[%emt 0:01:13]} exf4 {[%emt 0:01:29]} 24. gxf4 {[%emt 0:00:11]} Rad8 {[%emt 0:05:44]} 25. Re1 {[%emt 0:00:28]} Rb8 {[%emt 0:05:08]} 26. f5 {[%emt 0:01:16]} Nc7 {[%emt 0:00:09]} 27. Bg5 {[%emt 0:01:00]} Qf7 {[%emt 0:00:20]} 28. Bf4 {[%emt 0:00:18]} h6 {[%emt 0:00:53]} 29. Bd6 {[%emt 0:01:49]} Rfd8 {[%emt 0:00:23]} 30. Bxc5 {[%emt 0:00:24]} Na4 {[%emt 0:00:17]} 31. Bd4 {[%emt 0:00:48]} c5 {[%emt 0:01:51]} 32. Be5 {[%emt 0:00:29]} Re8 {[%emt 0:00:50]} 33. Nf4 {[%emt 0:00:20]} Rxb2 {[%emt 0:00:34]} 34. Qg4 {[%emt 0:00:50]} Rb6 {[%emt 0:02:45]} 35. Ng6+ {[%emt 0:00:50]} Kh7 {[%emt 0:00:40]} 36. Bc4 {[%emt 0:00:35]} Ne6 {[%emt 0:01:20]} 37. Nf4 {[%emt 0:00:21]} Nb2 {[%emt 0:01:13]} 38. fxe6 {[%emt 0:00:19]} Qb7 {[%emt 0:01:30]} 1-0

[Event "14th SRB-ch Women 2020"]
[Site "Vrnjacka Banja"]
[Date "2020.12.08"]
[Round "3.1"]
[White "Benderac, Ana"]
[Black "Velikic, Adela"]
[Result "0-1"]
[WhiteElo "2202"]
[BlackElo "2278"]
[Annotator "TA"]
[PlyCount "148"]
[EventDate "2020.12.07"]
[EventType "tourn"]
[EventCountry "SRB"]

{[%evp 18,148,6,-23,-27,-24,0,-29,-28,-31,-12,-29,-18,-14,-4,-50,35,42,39,48,29,40,39,39,32,9,9,9,9,8,10,15,8,0,42,12,21,-45,-16,-60,-73,-121,-103,-93,-105,-95,-98,-114,-100,-159,-88,-131,-118,-212,-194,-222,-239,-240,-236,-385,-368,-331,-282,-431,-423,-401,-399,-1008,-1074,-1797,-1639,-2715,-1729,-2185,-2237,-1967,-1899,-1501,-632,-387,0,-2306,-1840,-5385,-3979,-29962,-29965,-29969,-29970,-29972,-29973,-29972,-29974,-29974,-29975,-29974,-29976,-29977,-29978,-29980,-29979,-29979,-29980,-29980,-29979,-29980,-29981,-29981,-29980,-29980,-29978,-29978,-29976,-29976,0,-29977,-29976,-29978,-29976,-29975,0,-29975,0,-29980,-29981,-29980,-29981,-29980,-29977,-29980,-29979,-29978,-29978]} 1. d4 e6 2. e4 d5 3. e5 c5 4. c3 Nc6 5. Nf3 Qb6 6. a3 c4 7. Nbd2 Na5 8. Be2 Bd7 9. O-O Ne7 10. Ng5 h6 {C02: French: Advance Variation.} 11. Nh3 Qc7 {[#]} 12. Qe1 $146 ({Predecessor:} 12. Nf4 Nc8 13. Nh5 Nb6 14. f4 Ba4 15. Qe1 Bc2 16. g4 O-O-O 17. f5 Qd7 18. Qf2 {0-1 (36) Baklan,V (2587)-Kuzubov,Y (2643) chess.com INT 2020}) 12... Ba4 {Black has an edge.} 13. Bd1 Qd7 14. Rb1 Nc8 15. f4 g6 16. g4 h5 (16... Bxd1 $15 17. Qxd1 Ne7) 17. f5 $14 {Bxa4 is the strong threat.} Bxd1 18. fxe6 Qxe6 19. Qxd1 {Black must now prevent Nf4.} Qxg4+ 20. Qxg4 hxg4 21. Ng5 Be7 22. Nxf7 Rh7 23. e6 Nc6 24. b3 cxb3 25. Nxb3 Nd6 {[%cal Rd6f7]} 26. Nxd6+ Bxd6 27. Rb2 (27. Bf4 $11 Bxf4 28. Rxf4) 27... O-O-O 28. Rg2 Rh3 29. Bf4 {Black converts the advantage convincingly.} Bxf4 30. Rxf4 Rxc3 31. Rg3 Rxg3+ 32. hxg3 $17 {[%mdl 4096] Endgame KRN-KRN} Re8 33. Rf6 (33. Kf2 $142) 33... Ne7 (33... g5 $142 34. a4 b6) 34. Nc1 Kc7 35. Ne2 (35. Nd3 $17) 35... g5 36. Nc1 Kd6 37. Nd3 Nc6 38. Nc5 (38. e7+ $142 Kxe7 39. Rf5) 38... Nxd4 $19 39. Nxb7+ Kc6 40. Nd8+ (40. Rf7 $142) 40... Kc7 41. Nf7 Rxe6 42. Rxe6 $2 (42. Rh6) 42... Nxe6 {KN-KN} 43. Kf2 Kb6 44. Ke3 Kb5 45. Ne5 Ka4 46. Nc6 a5 47. Kd3 Kb5 (47... Nc5+ $142 48. Kc3 Ne4+ 49. Kb2 Nxg3) 48. Ne5 Ka4 $2 (48... d4 49. Kc2 Ka4) 49. Nc6 $1 Nc5+ 50. Kd4 Ne4 51. Kxd5 Nxg3 52. Kd4 Nf5+ 53. Kd3 g3 54. Ke2 g4 55. Kf1 Ne3+ 56. Kg1 Kb5 57. Ne5 a4 58. Nf7 Kc4 59. Nd6+ Kb3 60. Nb5 Kc2 61. Nd4+ {Cut Off at move 61} Kb2 62. Nb5 Kb3 63. Kh1 Kc4 64. Nd6+ Kd5 65. Nb5 Kc4 66. Nd6+ $1 Kd3 67. Nb5 Kd2 68. Kg1 Kc2 $2 (68... g2 {mates} 69. Nd4 Kc3 70. Ne2+ Kb3 71. Kf2 Kxa3 72. Kxe3 Kb2 73. Kf2 a3 74. Kxg2 a2 75. Kg3 a1=Q 76. Nf4 Qg1+ 77. Kh4 g3 78. Kg5 Qf1 79. Kg4 {[#]} Qxf4+ $1 {[%mdl 576] Remove Defender, Promotion} 80. Kxf4 g2 81. Kf5 g1=Q 82. Ke6 Qg5 83. Kd6 Kc3 84. Kd7 Qf6 85. Ke8 Kc4 86. Kd7 Kc5 87. Kc8 Kc6 88. Kb8 Qb2+ 89. Kc8 Qh8#) 69. Kh1 $2 {[%mdl 8192] [#]} (69. Nd4+ $11 Kb2 70. Nb5) 69... Kb2 70. Kg1 Nc4 {Black mates.} 71. Kg2 Nxa3 72. Nd6 Kb3 73. Kxg3 Nc4 74. Nb5 Ne5 {Weighted Error Value: White=0.69/Black=0.62} 0-1

[Event "14th SRB-ch Women 2020"]
[Site "Vrnjacka Banja"]
[Date "2020.12.08"]
[Round "3.2"]
[White "Prudnikova, Svetlana"]
[Black "Drljevic, Ljilja"]
[Result "1/2-1/2"]
[WhiteElo "2181"]
[BlackElo "2174"]
[Annotator "NA"]
[PlyCount "31"]
[EventDate "2020.12.07"]
[EventType "tourn"]
[EventCountry "SRB"]
[SourceTitle "playchess.com"]
[Source "ChessBase"]
[SourceQuality "1"]
[TimeControl "40/5400+30:1800+30"]

1. Nf3 {[%emt 0:02:01]} Nf6 {[%emt 0:00:00]} 2. c4 {[%emt 0:00:08]} g6 {[%emt 0:00:00]} 3. Nc3 {[%emt 0:00:14]} Bg7 {[%emt 0:00:00]} 4. e4 {[%emt 0:00:06]} d6 {[%emt 0:00:05]} 5. d4 {[%emt 0:00:06]} O-O {[%emt 0:00:09]} 6. Be2 {[%emt 0:00:06]} e5 {[%emt 0:00:06]} 7. d5 {[%emt 0:00:45]} a5 {[%emt 0:00:25]} 8. Bg5 {[%emt 0:01:52]} h6 {[%emt 0:00:03]} 9. Bh4 {[%emt 0:00:13]} g5 {[%emt 0:00:42]} 10. Bg3 {[%emt 0:00:12]} Nh5 {[%emt 0:00:05]} 11. h4 {[%emt 0:08:01]} Nxg3 {[%emt 0:00:43]} 12. fxg3 {[%emt 0:00:01]} g4 {[%emt 0:00:07]} 13. Nd2 {[%emt 0:01:13]} h5 {[%emt 0:00:03]} 14. Bd3 {[%emt 0:00:56]} c6 {[%emt 0:07:39]} 15. Qe2 {[%emt 0:03:39]} Bh6 {[%emt 0:18:47]} 16. O-O-O {[%emt 0:05:48]} 1/2-1/2

[Event "14th SRB-ch Women 2020"]
[Site "Vrnjacka Banja"]
[Date "2020.12.08"]
[Round "3.3"]
[White "Srdanovic, Jovana"]
[Black "Chelushkina, Irina"]
[Result "1-0"]
[WhiteElo "2149"]
[BlackElo "2224"]
[Annotator "ChessBase"]
[PlyCount "53"]
[EventDate "2020.12.07"]
[EventType "tourn"]
[EventCountry "SRB"]
[SourceTitle "playchess.com"]
[Source "ChessBase"]
[SourceQuality "1"]
[TimeControl "40/5400+30:1800+30"]

1. d4 {[%emt 0:00:00]} e6 {[%emt 0:00:00]} 2. c4 {[%emt 0:00:00]} Nf6 {[%emt 0:00:37]} 3. Nc3 {[%emt 0:00:00]} d5 {[%emt 0:00:37]} 4. Nf3 {[%emt 0:00:15]} c5 {[%emt 0:00:43]} 5. cxd5 {[%emt 0:00:13]} exd5 {[%emt 0:00:05]} 6. Bg5 {[%emt 0:04:45]} Nc6 {[%emt 0:10:35]} 7. e3 {[%emt 0:11:36]} c4 {[%emt 0:08:45]} 8. Be2 {[%emt 0:03:16]} Be7 {[%emt 0:03:13]} 9. O-O {[%emt 0:00:16]} O-O {[%emt 0:01:43]} 10. b3 {[%emt 0:00:17]} Qa5 {[%emt 0:05:47]} 11. Bxf6 {[%emt 0:04:42]} gxf6 {[%emt 0:03:45]} 12. Qc2 {[%emt 0:02:00]} Kh8 {[%emt 0:09:52]} 13. bxc4 {[%emt 0:03:27]} dxc4 {[%emt 0:02:50]} 14. d5 {[%emt 0:09:30]} Nb4 {[%emt 0:00:43]} 15. Qe4 {[%emt 0:00:18]} Qd8 {[%emt 0:03:37]} 16. Qxc4 {[%emt 0:02:21]} Rg8 {[%emt 0:01:55]} 17. g3 {[%emt 0:01:20]} Bg4 {[%emt 0:05:29]} 18. Rac1 {[%emt 0:02:44]} Rc8 {[%emt 0:01:32]} 19. Qe4 {[%emt 0:03:31]} a5 {[%emt 0:04:23]} 20. Nd4 {[%emt 0:01:36]} Bh3 {[%emt 0:06:11]} 21. Rfd1 {[%emt 0:00:55]} Bd6 {[%emt 0:01:23]} 22. a3 {[%emt 0:01:31]} Na6 {[%emt 0:00:40]} 23. Ncb5 {[%emt 0:04:01]} Rxc1 {[%emt 0:05:48]} 24. Rxc1 {[%emt 0:00:06]} Bf8 {[%emt 0:08:02]} 25. Bd3 {[%emt 0:03:10]} Rg6 {[%emt 0:01:04]} 26. d6 {[%emt 0:02:59]} Qd7 {[%emt 0:03:09]} 27. Nf5 {[%emt 0:01:58]} 1-0

[Event "14th SRB-ch Women 2020"]
[Site "Vrnjacka Banja"]
[Date "2020.12.08"]
[Round "3.4"]
[White "Rapport, Jovana"]
[Black "Eric, Jovana"]
[Result "1/2-1/2"]
[WhiteElo "2308"]
[BlackElo "2278"]
[Annotator "NA"]
[PlyCount "22"]
[EventDate "2020.12.07"]
[EventType "tourn"]
[EventCountry "SRB"]
[SourceTitle "playchess.com"]
[Source "ChessBase"]
[SourceQuality "1"]
[TimeControl "40/5400+30:1800+30"]

1. Nf3 {[%emt 0:00:15]} d5 {[%emt 0:00:00]} 2. g3 {[%emt 0:00:03]} Nf6 {[%emt 0:00:00]} 3. Bg2 {[%emt 0:00:03]} c6 {[%emt 0:00:00]} 4. O-O {[%emt 0:00:18]} Bf5 {[%emt 0:00:00]} 5. d3 {[%emt 0:00:12]} e6 {[%emt 0:00:12]} 6. b3 {[%emt 0:00:17]} h6 {[%emt 0:00:10]} 7. Bb2 {[%emt 0:00:03]} Be7 {[%emt 0:00:19]} 8. c4 {[%emt 0:00:34]} O-O {[%emt 0:00:10]} 9. Nbd2 {[%emt 0:00:21]} a5 {[%emt 0:00:21]} 10. Rc1 {[%emt 0:00:11]} Na6 {[%emt 0:00:11]} 11. a3 {[%emt 0:00:20]} b5 {[%emt 0:00:49]} 1/2-1/2

[Event "14th SRB-ch Women 2020"]
[Site "Vrnjacka Banja"]
[Date "2020.12.08"]
[Round "3.5"]
[White "Gajcin, Marina"]
[Black "Injac, Teodora"]
[Result "0-1"]
[WhiteElo "2239"]
[BlackElo "2290"]
[Annotator "TA"]
[PlyCount "124"]
[EventDate "2020.12.07"]
[EventType "tourn"]
[EventCountry "SRB"]
[SourceTitle "playchess.com"]
[Source "ChessBase"]
[SourceQuality "1"]

{[%evp 12,124,33,10,22,12,20,0,0,0,0,0,0,-11,-4,-41,0,0,12,-9,-9,-7,-7,-7,0,0,-2,-14,-10,-29,-16,-79,-79,-79,-78,-78,-78,-95,-88,-93,-58,-67,-65,-71,-58,-58,-67,-73,-54,-37,-33,-35,-47,-47,-47,-115,-117,-157,-157,-144,-154,-193,-152,-149,0,-193,-193,-193,-193,-193,-193,-300,-544,-306,-306,-303,-310,-1038,-1192,-1168,-1022,-1143,-1079,-700,-658,-516,-443,-2040,-2083,-1310,-1574,-1018,-958,-6544,-9806,-12292,-9045,-29976,-29977,-29979,-29978,-29980,-29981,-29981,-29982,-29981,-29982,-29982,-29983,-29985,-29986,-29989,-29983,-29983,-29984]} 1. e4 c5 2. Nf3 d6 3. d4 cxd4 4. Nxd4 Nf6 5. Nc3 a6 6. Bg5 Nbd7 7. Bc4 Qb6 {B94: Sicilian Najdorf: 6 Bg5 Nbd7.} 8. Bb3 e6 9. Qd2 Be7 {The position is equal.} 10. O-O-O Nc5 11. Bxf6 {11.Rhe1 is a critical line.} Bxf6 12. f4 Bd7 13. Rhe1 O-O-O {[#]} (13... h6 {looks sharper.} 14. Kb1 O-O 15. e5 dxe5 16. fxe5 Be7) 14. Kb1 $146 ({Predecessor:} 14. e5 dxe5 15. fxe5 Be7 16. Qf4 Rhf8 17. Bc4 Na4 18. Nxa4 Bxa4 19. Nf3 Bc6 20. Rxd8+ Qxd8 {½-½ (29) Tomczak,R (2384)-Lagowski,P (2321) Trzebinia 2002}) 14... Nxb3 15. axb3 (15. Nxb3 {seems wilder.} Bc6 16. Re3 Kb8 17. Ne2 Ba4 18. g3) 15... Bxd4 16. Qxd4 Qxd4 17. Rxd4 Bc6 18. Rd2 h5 19. Re3 h4 20. Ne2 e5 21. g3 (21. f5 $11) 21... hxg3 $17 22. hxg3 Rh1+ 23. Ka2 Re1 24. Rdd3 Rh8 25. Nc3 Rhh1 {[%csl Gh1][%cal Re1a1]} (25... Rxe3 {feels hotter.} 26. Rxe3 Kd7 27. b4 Rh2 28. fxe5 dxe5 29. Kb3 Kd6) 26. Rxe1 Rxe1 27. Rxd6 exf4 28. gxf4 Bxe4 $15 {[%mdl 4096] Endgame KRB-KRN} 29. Rd2 Bc6 30. b4 f6 31. Kb3 g5 32. fxg5 $1 fxg5 33. b5 ({Better is} 33. Kc4 $15) 33... axb5 $17 34. Rd4 Re5 35. Kb4 Kc7 36. Nd1 Bf3 37. Nc3 Bc6 38. Nd1 $1 Re4 39. Rxe4 Bxe4 $19 {KB-KN} 40. Ne3 Bc6 41. Kc5 (41. Nf5 $142) 41... Kd7 $1 {[%cal Rd7e6]} 42. Kd4 {intending Ke5.} Ke6 $1 43. c3 Kf6 $1 44. Nf1 $2 (44. b4) 44... Kf5 $1 {[%cal Rf5f4]} 45. Ke3 {[#]} Kg4 $1 46. Kf2 Kf4 47. Ng3 Bf3 48. Nf1 Bd5 49. Ng3 (49. Ne3 $142 Bc6 50. Nf1) 49... Bc4 50. Nh5+ {[#]} Ke4 $1 51. Nf6+ Kd3 52. Nh7 g4 53. Nf6 Kc2 54. Nxg4 Kxb2 {Black mates.} 55. Ke1 Kxc3 56. Kd1 b4 {[%cal Bb5b4,Bb4b3,Bb3b2][%mdl 32]} 57. Nf6 b3 58. Ne4+ Kb2 59. Nd6 Bd5 60. Nb5 Bc6 61. Nd6 Ka2 62. Nc4 b2 {Accuracy: White = 66%, Black = 94%.} 0-1

[Event "14th SRB-ch Women 2020"]
[Site "Vrnjacka Banja"]
[Date "2020.12.09"]
[Round "4.1"]
[White "Velikic, Adela"]
[Black "Injac, Teodora"]
[Result "1/2-1/2"]
[WhiteElo "2278"]
[BlackElo "2290"]
[Annotator "RC"]
[PlyCount "60"]
[EventDate "2020.12.07"]
[EventType "tourn"]
[EventCountry "SRB"]
[SourceTitle "playchess.com"]
[Source "ChessBase"]
[SourceQuality "1"]
[TimeControl "40/5400+30:1800+30"]

1. e4 {[%emt 0:00:00]} c5 {[%emt 0:00:00]} 2. Nf3 {[%emt 0:00:00]} d6 {[%emt 0:00:00]} 3. d4 {[%emt 0:00:00]} cxd4 {[%emt 0:00:00]} 4. Nxd4 {[%emt 0:00:00]} Nf6 {[%emt 0:00:00]} 5. f3 {[%emt 0:00:00]} e5 {[%emt 0:03:11]} 6. Nb3 {[%emt 0:00:06]} Be7 {[%emt 0:03:11]} 7. c4 {[%emt 0:00:11]} O-O {[%emt 0:04:10]} 8. Nc3 {[%emt 0:00:36]} a5 {[%emt 0:04:34]} 9. Be3 {[%emt 0:00:16]} Nc6 {[%emt 0:13:10]} 10. Be2 {[%emt 0:06:53]} a4 {[%emt 0:03:26]} 11. Nd2 {[%emt 0:00:15]} Nh5 {[%emt 0:08:20]} 12. Nd5 {[%emt 0:11:56]} Nf4 {[%emt 0:04:43]} 13. O-O {[%emt 0:09:54]} Bg5 {[%emt 0:03:52]} 14. Bb6 {[%emt 0:07:17]} Qd7 {[%emt 0:01:03]} 15. Bf2 {[%emt 0:04:53]} Nd4 {[%emt 0:12:46]} 16. Nxf4 {[%emt 0:04:32]} Bxf4 {[%emt 0:00:18]} 17. Nb1 {[%emt 0:01:28]} Qe6 {[%emt 0:07:50]} 18. g3 {[%emt 0:04:18]} Bg5 {[%emt 0:01:01]} 19. Nc3 {[%emt 0:10:21]} f5 {[%emt 0:03:23]} 20. Bxd4 {[%emt 0:08:57]} exd4 {[%emt 0:00:06]} 21. Qxd4 {[%emt 0:00:11]} Bf6 {[%emt 0:03:25]} 22. Qd3 {[%emt 0:10:19]} a3 {[%emt 0:01:08]} 23. b3 {[%emt 0:00:45]} fxe4 {[%emt 0:01:02]} 24. fxe4 {[%emt 0:03:32]} Qe5 {[%emt 0:03:00]} 25. Nd5 {[%emt 0:03:50]} Bh3 {[%emt 0:05:11]} 26. Rfd1 {[%emt 0:01:30]} Rae8 {[%emt 0:02:53]} 27. Bf1 {[%emt 0:05:07]} Bg4 {[%emt 0:05:47]} 28. Be2 {[%emt 0:05:00]} Bh3 {[%emt 0:00:02]} 29. Bf1 {[%emt 0:00:14]} Bg4 {[%emt 0:00:07]} 30. Be2 {[%emt 0:00:15]} Bh3 {[%emt 0:03:49]} 1/2-1/2

[Event "14th SRB-ch Women 2020"]
[Site "Vrnjacka Banja"]
[Date "2020.12.09"]
[Round "4.2"]
[White "Eric, Jovana"]
[Black "Gajcin, Marina"]
[Result "1-0"]
[WhiteElo "2278"]
[BlackElo "2239"]
[Annotator "ChessBase"]
[PlyCount "91"]
[EventDate "2020.12.07"]
[EventType "tourn"]
[EventCountry "SRB"]
[SourceTitle "playchess.com"]
[Source "ChessBase"]
[SourceQuality "1"]
[TimeControl "40/5400+30:1800+30"]

1. e4 {[%emt 0:00:00]} c5 {[%emt 0:00:00]} 2. Nf3 {[%emt 0:00:00]} d6 {[%emt 0:00:00]} 3. Bb5+ {[%emt 0:00:00]} Bd7 {[%emt 0:01:36]} 4. Bxd7+ {[%emt 0:00:40]} Qxd7 {[%emt 0:00:07]} 5. O-O {[%emt 0:00:51]} g6 {[%emt 0:01:39]} 6. c3 {[%emt 0:01:32]} Bg7 {[%emt 0:13:45]} 7. d4 {[%emt 0:01:45]} Nf6 {[%emt 0:14:14]} 8. Qe2 {[%emt 0:05:17]} cxd4 {[%emt 0:11:55]} 9. cxd4 {[%emt 0:00:47]} O-O {[%emt 0:00:14]} 10. Nc3 {[%emt 0:05:11]} Nc6 {[%emt 0:01:49]} 11. Rd1 {[%emt 0:01:15]} d5 {[%emt 0:07:11]} 12. e5 {[%emt 0:02:13]} Ne8 {[%emt 0:00:06]} 13. Bf4 {[%emt 0:11:19]} Nc7 {[%emt 0:08:19]} 14. Qe3 {[%emt 0:01:28]} Ne6 {[%emt 0:08:18]} 15. Bh6 {[%emt 0:04:15]} f5 {[%emt 0:01:18]} 16. exf6 {[%emt 0:02:58]} exf6 {[%emt 0:00:40]} 17. Bxg7 {[%emt 0:00:28]} Nxg7 {[%emt 0:00:56]} 18. Qf4 {[%emt 0:05:59]} Qf5 {[%emt 0:04:10]} 19. Qd2 {[%emt 0:08:46]} Rae8 {[%emt 0:01:18]} 20. Rac1 {[%emt 0:04:09]} Nh5 {[%emt 0:02:12]} 21. Ne2 {[%emt 0:09:56]} Qg4 {[%emt 0:06:45]} 22. Rc5 {[%emt 0:04:07]} Re7 {[%emt 0:06:57]} 23. h3 {[%emt 0:06:03]} Qf5 {[%emt 0:00:00]} 24. Nh2 {[%emt 0:01:01]} Qe6 {[%emt 0:02:35]} 25. Nc3 {[%emt 0:03:08]} Rd8 {[%emt 0:00:07]} 26. Nf3 {[%emt 0:02:08]} Qf5 {[%emt 0:00:48]} 27. Kh2 {[%emt 0:09:52]} g5 {[%emt 0:01:28]} 28. Ne1 {[%emt 0:02:44]} Nf4 {[%emt 0:00:43]} 29. Nc2 {[%emt 0:00:43]} Qd7 {[%emt 0:03:55]} 30. Ne3 {[%emt 0:01:06]} Nb4 {[%emt 0:00:33]} 31. a3 {[%emt 0:02:10]} b6 {[%emt 0:00:13]} 32. Rb5 {[%emt 0:00:48]} Nc6 {[%emt 0:01:34]} 33. Ncxd5 {[%emt 0:01:35]} Rf7 {[%emt 0:00:24]} 34. Nxf4 {[%emt 0:00:44]} gxf4 {[%emt 0:00:31]} 35. Ng4 {[%emt 0:00:05]} Nxd4 {[%emt 0:00:19]} 36. Nh6+ {[%emt 0:01:16]} Kf8 {[%emt 0:00:00]} 37. Qb4+ {[%emt 0:00:51]} Ke8 {[%emt 0:01:15]} 38. Nxf7 {[%emt 0:00:32]} Kxf7 {[%emt 0:00:17]} 39. Rh5 {[%emt 0:00:21]} Kg6 {[%emt 0:00:44]} 40. Rh4 {[%emt 0:00:58]} Nf3+ {[%emt 0:00:28]} 41. gxf3 {[%emt 0:30:06]} Qxd1 {[%emt 0:30:05]} 42. Qe4+ {[%emt 0:00:25]} f5 {[%emt 0:00:51]} 43. Qe6+ {[%emt 0:00:34]} Kg7 {[%emt 0:00:04]} 44. Qe7+ {[%emt 0:00:27]} Kg6 {[%emt 0:00:16]} 45. Qxh7+ {[%emt 0:00:18]} Kf6 {[%emt 0:00:02]} 46. Rh6+ {[%emt 0:02:09]} 1-0

[Event "14th SRB-ch Women 2020"]
[Site "Vrnjacka Banja"]
[Date "2020.12.09"]
[Round "4.3"]
[White "Chelushkina, Irina"]
[Black "Rapport, Jovana"]
[Result "0-1"]
[WhiteElo "2224"]
[BlackElo "2308"]
[Annotator "NA"]
[PlyCount "78"]
[EventDate "2020.12.07"]
[EventType "tourn"]
[EventCountry "SRB"]
[SourceTitle "playchess.com"]
[Source "ChessBase"]
[SourceQuality "1"]
[TimeControl "40/5400+30:1800+30"]

1. e4 {[%emt 0:00:00]} c6 {[%emt 0:00:38]} 2. d3 {[%emt 0:00:00]} d5 {[%emt 0:00:39]} 3. Nd2 {[%emt 0:00:00]} e5 {[%emt 0:01:37]} 4. Ngf3 {[%emt 0:00:00]} Bd6 {[%emt 0:00:14]} 5. c3 {[%emt 0:01:15]} Ne7 {[%emt 0:04:34]} 6. Be2 {[%emt 0:01:08]} O-O {[%emt 0:00:19]} 7. O-O {[%emt 0:00:03]} Re8 {[%emt 0:12:46]} 8. c4 {[%emt 0:05:16]} d4 {[%emt 0:00:38]} 9. c5 {[%emt 0:00:29]} Bc7 {[%emt 0:00:33]} 10. Nc4 {[%emt 0:06:37]} Ng6 {[%emt 0:00:34]} 11. b4 {[%emt 0:03:25]} a5 {[%emt 0:16:09]} 12. bxa5 {[%emt 0:05:32]} Nd7 {[%emt 0:00:46]} 13. Qc2 {[%emt 0:11:01]} Nxc5 {[%emt 0:05:34]} 14. Ncxe5 {[%emt 0:04:06]} (14. Bg5 $15 f6 15. Bd2) 14... Nxe5 {[%emt 0:00:34]} 15. Nxe5 {[%emt 0:06:15]} Rxe5 {[%emt 0:07:18]} ({But not} 15... Bxe5 16. Qxc5 Bd6 17. Qc2 $15) 16. f4 {[%emt 0:00:05]} Rxe4 {[%emt 0:09:00]} 17. dxe4 {[%emt 0:01:08]} d3 {[%emt 0:00:07]} 18. Bxd3 $2 {[%emt 0:00:02]} (18. Qxc5 $17 {was the only chance.} dxe2 19. Re1 Bxa5 20. Be3 (20. Rxe2 $2 Bb6 $19) 20... Bxe1 21. Rxe1) 18... Qd4+ $19 {[%emt 0:03:18]} ({Resist} 18... Nxd3 19. Be3 $19) ({Weaker is} 18... Rxa5 19. Bc4 $14) 19. Qf2 {[%emt 0:07:28]} Qxf2+ {[%emt 0:00:47]} 20. Kxf2 {[%emt 0:00:00]} Nxd3+ {[%emt 0:00:09]} 21. Kf3 {[%emt 0:00:01]} Nxc1 {[%emt 0:02:50]} 22. Rfxc1 {[%emt 0:00:00]} Rxa5 {[%emt 0:00:06]} 23. a4 {[%emt 0:00:03]} f5 {[%emt 0:01:54]} 24. e5 {[%emt 0:02:34]} Kf7 {[%emt 0:02:10]} 25. h4 {[%emt 0:00:45]} Bd7 {[%emt 0:00:30]} 26. Rd1 {[%emt 0:01:04]} Ke7 {[%emt 0:00:52]} 27. h5 {[%emt 0:04:23]} c5 {[%emt 0:02:39]} 28. g4 {[%emt 0:00:20]} fxg4+ {[%emt 0:01:16]} 29. Kg3 {[%emt 0:00:04]} c4 {[%emt 0:06:24]} 30. Rdc1 {[%emt 0:01:02]} Rc5 {[%emt 0:00:23]} 31. Rab1 {[%emt 0:00:27]} b6 {[%emt 0:00:46]} 32. Rc3 {[%emt 0:03:32]} Bxa4 {[%emt 0:02:03]} 33. Kxg4 {[%emt 0:00:05]} Bd7+ {[%emt 0:00:25]} 34. Kh4 {[%emt 0:00:41]} Bf5 {[%emt 0:01:01]} 35. Rg1 {[%emt 0:01:15]} g6 {[%emt 0:00:21]} 36. Ra3 {[%emt 0:03:14]} c3 {[%emt 0:01:23]} 37. h6 {[%emt 0:00:28]} c2 {[%emt 0:01:31]} 38. Rc1 {[%emt 0:00:05]} Rc4 {[%emt 0:01:32]} 39. Kg3 {[%emt 0:00:39]} g5 {[%emt 0:00:28]} 0-1

[Event "14th SRB-ch Women 2020"]
[Site "Vrnjacka Banja"]
[Date "2020.12.09"]
[Round "4.4"]
[White "Drljevic, Ljilja"]
[Black "Srdanovic, Jovana"]
[Result "1/2-1/2"]
[WhiteElo "2174"]
[BlackElo "2149"]
[Annotator "RC"]
[PlyCount "25"]
[EventDate "2020.12.07"]
[EventType "tourn"]
[EventCountry "SRB"]
[SourceTitle "playchess.com"]
[Source "ChessBase"]
[SourceQuality "1"]
[TimeControl "40/5400+30:1800+30"]

1. c4 {[%emt 0:00:00]} c6 {[%emt 0:00:00]} 2. e4 {[%emt 0:00:43]} d5 {[%emt 0:00:08]} 3. exd5 {[%emt 0:00:11]} cxd5 {[%emt 0:00:05]} 4. d4 {[%emt 0:01:25]} Nf6 {[%emt 0:00:17]} 5. Nc3 {[%emt 0:00:15]} Nc6 {[%emt 0:04:30]} 6. Nf3 {[%emt 0:00:12]} e6 {[%emt 0:06:34]} 7. c5 {[%emt 0:01:17]} Be7 {[%emt 0:01:05]} 8. Bd3 {[%emt 0:01:41]} O-O {[%emt 0:00:57]} 9. O-O {[%emt 0:00:28]} b6 {[%emt 0:01:10]} 10. cxb6 {[%emt 0:12:17]} axb6 {[%emt 0:00:37]} 11. a3 {[%emt 0:15:17]} Ba6 {[%emt 0:10:36]} 12. Re1 {[%emt 0:04:19]} Bxd3 {[%emt 0:05:58]} 13. Qxd3 {[%emt 0:00:11]} 1/2-1/2